00387nam a2200133Ia 4500008004100000020001500041082001700056100001600073245006400089260004200153300001200195700002300207700002300230161229s9999 xx 000 0 und d a0195208889 a307.1 HOF/EC aHoff, Karla aEeconomic of rural organization theory ,practice and policy bOxford university pressaOxfordc1993 axi, 590 aBraverman, Avishay aStiglitz, Joseph E